India's security in resurgent Asia (Record no. 353561)

000 -LEADER
fixed length control field 00498cam a22001577a 4500
008 - FIXED-LENGTH DATA ELEMENTS--GENERAL INFORMATION
fixed length control field 180718b1979 xxu||||| |||| 00| 0 eng d
082 ## - DEWEY DECIMAL CLASSIFICATION NUMBER
Classification number Dx54 Sa73
100 ## - MAIN ENTRY--PERSONAL NAME
Personal name Sarhadi, Ajit Singh
245 ## - TITLE STATEMENT
Title India's security in resurgent Asia
Statement of responsibility, etc. by Ajit Singh Sarhadi
260 ## - PUBLICATION, DISTRIBUTION, ETC.
Place of publication, distribution, etc. Delhi
Name of publisher, distributor, etc. Heritage
Date of publication, distribution, etc. 1979
300 ## - PHYSICAL DESCRIPTION
Extent 338p.
650 ## - SUBJECT ADDED ENTRY--TOPICAL TERM
Topical term or geographic name entry element Asia --Foreign relations
650 ## - SUBJECT ADDED ENTRY--TOPICAL TERM
Topical term or geographic name entry element Asia --Politics and government --1945
650 ## - SUBJECT ADDED ENTRY--TOPICAL TERM
Topical term or geographic name entry element India --Foreign relations --Asia
650 ## - SUBJECT ADDED ENTRY--TOPICAL TERM
Topical term or geographic name entry element Asia --Foreign relations --India
Holdings
Withdrawn status Lost status Damaged status Not for loan Permanent Location Current Location Date acquired Full call number Barcode Date last seen Price effective from Koha item type
        Indian Institute of Public Administration Indian Institute of Public Administration 1993-12-03 Dx54 Sa73 54936 2018-07-21 2018-07-21 Book

Powered by Koha